Capitales contenant la lettre A - Statistiques

Statistiques générales
  • Ce quiz a été pris 1 847 fois
    915 depuis la dernière actualisation
  • Le résultat moyen est 90 sur 146
Statistiques - réponses
Afrique % Correct
Paris
93%
Madrid
92%
Washington
89%
Alger
88%
Amsterdam
84%
Brasilia
84%
Canberra
84%
Ottawa
83%
Andorre-la-Vieille
82%
Rabat
82%
Ankara
81%
Bucarest
81%
Dacca
81%
Riga
81%
Budapest
80%
Buenos Aires
80%
Le Caire
80%
Athènes
79%
Le Cap / Pretoria
79%
Varsovie
78%
Prague
77%
Monaco
76%
Santiago
76%
Vatican
76%
Zagreb
76%
Bratislava
75%
Caracas
75%
Copenhague
75%
La Valette
75%
Saint-Marin
75%
Dakar
74%
Lima
74%
Panama
74%
Bogota
73%
Reykjavik
73%
Tallinn
73%
La Havane
72%
Sofia
72%
La Paz
71%
Brazzaville
70%
Kinshasa
70%
Nairobi
70%
Vaduz
70%
Antananarivo
69%
Asuncion
69%
Jérusalem
69%
Bangkok
68%
Ljubljana
68%
Sarajevo
68%
Abou Dabi
67%
Addis-Abeba
67%
Belgrade
67%
Guatemala
67%
Riyad
67%
Astana
66%
Bagdad
66%
Damas
66%
Doha
66%
Manille
66%
Oulan-Bator
66%
Bamako
65%
Chisinau
65%
Hanoï
65%
Pristina
65%
Pyongyang
65%
Accra
64%
Bakou
64%
Tirana
64%
Amman
63%
Erevan
63%
Abuja
62%
Kaboul
62%
Téhéran
62%
Yamoussoukro
62%
Khartoum
61%
Podgorica
61%
Singapour
61%
Yaoundé
61%
Islamabad
60%
Katmandou
60%
Kuala Lumpur
60%
Sanaa
60%
San Salvador
60%
Port-au-Prince
59%
São Tomé
59%
Luanda
58%
Saint-Domingue
58%
San José
58%
Nouakchott
57%
Tachkent
57%
Asmara
56%
Maputo
56%
N'Djaména
56%
Taipei
56%
Tegucigalpa
56%
Harare
55%
Managua
55%
Paramaribo
55%
Belmopan
54%
Niamey
54%
Bissau
53%
Douchanbé
53%
Kigali
53%
Manama
53%
Mascate
53%
Mogadiscio
53%
Victoria
53%
Vientiane
53%
Nassau
52%
Praia
52%
Bangui
51%
Banjul
51%
Conakry
51%
Lusaka
51%
Suva
51%
Achgabat
49%
Apia
49%
Ouagadougou
49%
Port-d'Espagne
49%
Castries
48%
Funafuti
48%
Dodoma
47%
Kampala
47%
Bandar Seri Begawan
46%
Basseterre
46%
Djouba
46%
Malé
46%
Monrovia
46%
Port-Vila
46%
Roseau
46%
Saint John's
46%
Gaborone
45%
Malabo
45%
Gitega
44%
Naypyidaw
44%
Saint-Georges
44%
Maseru
43%
Mbabane
43%
Yaren
43%
Honiara
42%
Sri Jayawardenapura Kotte
42%
Majuro
40%
Nuku'alofa
40%
Palikir
38%
Tarawa-Sud
36%
Nusantara
14%
Aucun quiz correspondant
Distribution des résultats
% des personnes avec chaque résultat
Percentile par nombre de réponses
Votre historique - résultats
Vous n’avez pas pris ce quiz depuis la dernière actualisation